000 00923 a2200241 4500
001 1894
005 20260407155419.0
008 260407a2009 arg spa d
003 AR-UNSa-BCEJYS
040 _aAR-UNSa-BCEJYS
_bspa
_cAR-UNSa-BCEJYS
080 _a657
_xContabilidad
245 1 0 _aContabilidad patrimonial
020 _a978-987-1140-99-2
250 _a2a. ed.
264 1 _aBuenos Aires :
_bOsmar D. Buyatti
_c2009
300 _a404 p.
_c22 cm.
505 _a1. Patrimonio neto - 2. Bienes de cambio - 3. Bienes de uso - 4. Activos intangibles - 5. Créditos - 6. Efectivo - 7. Inversiones - 8. Compromisos ciertos - 9. Compromisos contingentes
942 _cBK
590 _aniveau_biblio:m niveau_hierar:0
100 1 _aPetti, Ana María
700 1 _aLonghi, Paula Ana
856 4 1 _uhttps://biblioeco.unsa.edu.ar/pmb/images/libros/Contabilidad Patrimonial2-l117956.jpg.jpg
_yImagen de portada
_qimage/jpeg
999 _c194
_d194